| 000 | 00810nmc a2200253 a 4500 | ||
|---|---|---|---|
| 003 | AR-BaBNM | ||
| 005 | 20251128205108.0 | ||
| 008 | 301020s1976 ||||||||||||||000 | spa|| | ||
| 040 | _cAR-BaBNM | ||
| 100 | 1 |
_aCossettini, Olga _d1898-1987 |
|
| 245 | 1 | 0 | _aEl lenguaje y la lectura en primer grado |
| 250 | _a4ª ed. | ||
| 260 |
_aBuenos Aires _bEudeba _c1976 |
||
| 300 | 0 |
_a46 p. _bil. |
|
| 490 | 0 |
_aLa escuela en el tiempo. Cuadernos _vv. 1 |
|
| 500 | 0 | _aEl ejemplar cuyo número de inventario es 064361 corresponde a una edición impresa en 1961 | |
| 504 | _aContiene bibliografía en notas a pie de página | ||
| 650 | 4 | _aENSENANZA DE LA ESCRITURA | |
| 650 | 4 | _aENSENANZA DE LA EXPRESION ORAL | |
| 653 | 0 | _aENSENANZA DE LA LENGUA | |
| 653 | 0 | _aEDUCACION PRIMARIA | |
| 942 | _cBK | ||
| 998 | _cSILVI | ||
| 999 |
_c9973 _d9973 |
||